Statistics for Languages that end with ish

Click here to take the quiz!

General Stats

  • This quiz has been taken 60 times
    (31 since last reset)
  • The average score is 6 of 12

Answer Stats

Answer % Correct
Swedish
81%
Irish
70%
Finnish
70%
English
67%
Danish
67%
Spanish
67%
Polish
56%
Turkish
48%
Scottish
37%
Flemish
33%
Luxembourgish
22%
Cornish
15%

Score Distribution

Percentile by Number Answered

Percent of People with Each Score

Your Score History

You have not taken this quiz since the last reset